[Event "Olympiad-36"]
[Site "Mallorca"]
[Date "2004.10.16"]
[Round "2"]
[White "Mamedyarov, Shakhriyar"]
[Black "Vasquez Schroder, Rodrigo Rafael"]
[Result "1-0"]
[WhiteElo "2660"]
[BlackElo "2546"]
[Annotator "Psakhis,L"]
[PlyCount "101"]
[EventDate "2004.10.15"]
[EventType "team-swiss"]
[EventRounds "14"]
[EventCountry "ESP"]
[SourceTitle "CBM 104"]
[Source "ChessBase"]
[SourceDate "2005.01.27"]
[SourceVersion "1"]
[SourceVersionDate "2005.01.27"]
[SourceQuality "1"]
[WhiteTeam "Azerbaijan"]
[BlackTeam "Chile"]
[WhiteTeamCountry "AZE"]
[BlackTeamCountry "CHI"]

1. e4 c5 2. Nf3 Nc6 3. Bb5 d6 4. O-O Bd7 5. Re1 Nf6 6. c3 a6 7. Bf1 (7. Ba4 $5)
7... Bg4 8. d4 (8. d3 g6 9. Nbd2 Bh6 10. h3 Bxf3 11. Nxf3 Bxc1 12. Qxc1 e5 13.
Qh6 Nd7 14. Nd2 Qe7 15. Nc4 b5 16. Ne3 Qf8 17. Qh4 Qe7 18. Qg3 O-O 19. Be2 Kh8
20. f4 $14 {1-0 Bologan,V-Halkias,S/Moscow Aeroflot-op 2003/ (46)}) 8... cxd4
9. cxd4 d5 (9... e5 10. d5 Nd4 11. Be3 Nxf3+ 12. gxf3 Bh5 (12... Bd7 13. Nd2 (
13. a4 Be7 14. Qb3 O-O 15. Na3 Nh5 16. f4 Nxf4 17. Bxf4 exf4 18. Nc4 b5 19.
axb5 axb5 20. Rxa8 Qxa8 21. Nb6 Qa7 22. Nxd7 Qxd7 23. Bh3 Qa7 24. Qb4 Rd8 {
1/2-1/2 Tan,M-Pavlovic,M/Amsterdam ACT op 2004/The Week in Chess 506 (55)})
13... Be7 14. Nc4 b5 15. Nb6 Rb8 16. Nxd7 Qxd7 17. Rc1 O-O 18. Rc6 $36 {
1-0 Zhao Xue-Gu Xiaobing/Asian-chW Calicut 2003/(59)}) 13. Bh3 Be7 14. Nd2 O-O
15. Qb3 b5 16. a4 Rb8 17. a5 Nd7 18. Qa3 b4 19. Qd3 Rb5 20. Nc4 f5 21. Bxf5
Bxf3 22. Nb6 Rxf5 23. exf5 Qe8 24. h3 Qh5 {0-1 Libens,M-Bakalarz,M/FRA t-ch2
0102 2002/ChessBase (67)}) (9... Bxf3 10. gxf3 d5 (10... e5 $6 11. d5 Ne7 12.
f4 $1 g6 13. fxe5 dxe5 14. Nd2 Bg7 15. Nc4 Nh5 16. Bg5 f6 17. Be3 O-O 18. Bb6
$16 {1-0 Arribas,M-Demina,J/WchW New Delhi 2000/ (24)}) (10... e6 11. d5 Ne5
12. f4 Ned7 13. dxe6 fxe6 14. Nc3 g6 15. Bc4 e5 16. Be3 exf4 17. Bxf4 Ne5 18.
Bb3 Qd7 19. Bg3 Qg4 20. Qxg4 Nfxg4 21. Kg2 Nd3 22. Re2 Nc5 {1-0 Teterev,
V-Maximov,D/Zaporozhye ZAZ Cup 2004/The Week in Chess 518 (28)}) 11. e5 Nd7
$146 {I don't like this move, but surely it has right for existence.} (11...
Nh5 {White failed to get any advantage after} 12. f4 g6 13. Be3 {'+/='} Qd7 14.
Nc3 e6 15. Na4 Rb8 16. Rc1 Bb4 17. Re2 Ng7 18. a3 Be7 19. Bh3 O-O 20. b4 b6 $11
{1-0 Hatanbaatar,B-Levitt,M/Bled Olympiad 2002/ (55)}) 12. e6 $1 fxe6 13. Bh3
$5 {+/-!!} Qb6 (13... e5 14. dxe5 Ndxe5 15. f4 Nf7 16. Be6 $44 {[%csl Ge6]}) ({
Worth considering} 13... g6 $5 14. Bxe6 Bg7 $5 15. Bxd5 (15. Nc3 Nxd4 16. Bxd5)
15... Nf6 $13 {with complicated and interesting game.}) (13... Nf6 14. Bxe6 Qb6
15. Nc3) 14. Bxe6 Qxd4 ({It is not clear if White can get any advantage after} 
14... Nxd4 15. Nc3 $5 Nxe6 16. Nxd5 Qd8 17. Rxe6 Nc5 $13) 15. Nc3 (15. Bxd5
Qxd1 16. Rxd1 Nf6 $11) 15... Qxd1 (15... Nf6 16. Be3 Qxd1 17. Raxd1) 16. Rxd1 {
White has some advantage in the endgame, but he needs to invest a very big
effort to get something real.} Nc5 (16... d4 17. Nd5 Nc5 (17... Ra7 18. Bf4 g6
19. Rac1 Bg7 20. b4 $1 Nf8 (20... h6 21. a4) 21. Nc7+ Kd8 22. Rc5 Nxb4 23. a3
Nd7 (23... b6 24. Rc4 Rxc7 25. Bxc7+ Ke8 26. Be5 $1) 24. Bxd7 Kxd7 (24... b6
25. Bg4) 25. axb4 e5 26. Rxe5 $1) 18. Nc7+ Kd8 19. Bf4 $1 $132) 17. Bxd5 O-O-O
(17... e6 18. Bc4 (18. Bxc6+ bxc6 19. Be3 Rd8 20. Rxd8+ Kxd8 21. Rc1 $16) (18.
Bc4 $6 Be7 19. Be3 Ne5 20. Be2 O-O $13)) 18. Be3 e6 19. Bc4 $14 {[%csl Gc4,Ge3]
1-0 Zhang Zhong-Ni Hua/Yongchuan zt 3.3 2003/CBM 97/[Psakhis,Zhang Zhong] (43)
'!' The arisen endgame is not safe for Black due to White's strong Bishops
pair.}) 10. e5 (10. exd5 Nxd5 11. Nc3 e6 12. h3 Bxf3 13. Qxf3 Be7 14. Nxd5 Qxd5
15. Qxd5 exd5 16. Bg5 Kd7 17. Bxe7 Nxe7 18. Rac1 Nc6 19. g3 Rhe8 20. Bg2 Kd6
21. Re3 b6 22. Kh2 Rac8 {0-1 Kett,T-Jones,R/WLS-ch Cardiff 2004/ChessBase (40)}
) 10... Nd7 11. h3 (11. Be3 e6 12. a3 Be7 13. Nbd2 O-O 14. Bd3 Bh5 15. Rc1 Bg6
16. Bxg6 hxg6 17. g3 Rc8 18. h4 Na5 19. Rxc8 Qxc8 20. Bg5 Re8 21. Bxe7 Rxe7 22.
Ng5 Nf8 23. h5 f6 24. Nh3 g5 25. Qg4 Qc2 {0-1 Papin,V-Magalashvili,D/EUR-ch
B16 Budva 2003/}) 11... Bxf3 12. Qxf3 Nxd4 $146 {Black's last move looks like
a novelty despite it is obvious.} (12... e6 13. Rd1 (13. Be3 g6 14. Nd2 Bg7 15.
Qd1 O-O 16. Nf3 Rc8 17. h4 f6 18. exf6 Nxf6 19. Ng5 Qd6 20. g3 Ne4 21. Nxe4
dxe4 22. Bg2 Nxd4 23. Bxe4 Rcd8 24. Qg4 Nf5 25. Bf4 Qb6 26. h5 e5 27. Be3 Nxe3
{Rocha,S-Hracek,Z/Istanbul olm 2000/EXT 2001/[Hracek]/1/2-1/2 (39)}) 13... Be7
14. Qg4 g6 15. Nc3 h5 16. Qg3 Bf8 17. Ne2 Ne7 18. Qb3 Qb6 19. Qxb6 Nxb6 20. Bg5
Nc6 21. Rd3 Nd7 22. Rc1 Be7 23. Be3 O-O 24. Rb3 Rab8 25. Nf4 Rfc8 26. Bxa6 bxa6
27. Rbc3 {Fernandez,J-Alonso,S/Torrent 2002/ChessBase/0-1 (37)}) 13. Qxd5 {
[%mdl 640]} (13. Qd1 $5 Nc6 14. e6 fxe6 15. Rxe6 Nf6 {[%cal Gd8d7]}) 13... Nc2
$8 {This move looks too risky but has proved to be all right.} 14. Rd1 {
The future of this variation depends upon the evaluation of this position.} Qc7
(14... e6 15. Qxb7 Rb8 (15... Qc8 16. Rxd7 Qxb7 17. Rxb7 Nxa1 18. Rc7 $16 {
[%csl Ra1]}) 16. Qxa6 Nxa1 17. Bb5 $40) (14... Nxa1 15. e6 fxe6 16. Qxb7 Rb8
17. Qxa6 Qb6 18. Qc4 $44 {[%csl Ra1,Re8]}) 15. e6 $5 fxe6 16. Qxe6 Qc6 (16...
Nxa1 17. Nc3 Qc6 18. Qe2 {leads to the main line.}) 17. Qe2 Nxa1 {A critical
position of the variation, since it is the end of series of more or less
forced moves.} 18. Nc3 {White has an extra rook here, but his extremely active
pieces gives him, at worst, some compensation.} O-O-O (18... Qg6 $5 {[%cal
Ga1c2]} 19. Bf4 e5 $132) 19. Be3 Nf6 (19... e6 20. Rxa1 (20. Rc1 Kb8) 20... Bc5
21. Rc1 (21. Bg5 $5) 21... Bxe3 22. Qxe3 Kb8 $15) 20. Rxa1 e5 21. a4 {[%cal
Gc3b5]} (21. Rc1 $5) (21. g3 $5 {[%cal Gf1g2]}) 21... Kb8 (21... Bc5 $6 22. Rc1
Bxe3 23. Qxe3 Kb8 24. Nb5 Qxc1 $8 25. Qxc1 axb5 26. Bxb5 $36) 22. Nb5 $5 {
It is better to die standing than to live on your knees!} (22. Rc1 $5) 22...
Nd5 $1 (22... axb5 23. axb5 Qc7 24. b6 $5 (24. Ba7+ Kc8) 24... Qc6 $8 (24...
Qd6 25. Qc4 Qc6 26. Qa2 $18 {[%csl Rb8]}) 25. b4 {[%cal Cf8b4,Ge2a2]} Rd4 $5 (
25... Bxb4 26. Qa2 Kc8 27. Bb5 $1 Qxb5 28. Qf7 Rd1+ 29. Kh2 $18) 26. Bxd4 (26.
Qa2 Qxb6 27. Qa8+ Kc7 28. Rc1+ Kd6 29. Qb8+ Kd5 30. Bxd4 Qxd4 31. Qc8 $40)
26... exd4 27. Qa2 $1 (27. Qe5+ $6 Bd6 28. Qa5 Kc8 29. Qf5+ Kb8 $11) 27... Qxb6
28. Qa8+ Kc7 29. Rc1+ Kd6 30. Qb8+ Ke7 (30... Kd7 31. Bd3 g6 32. Qc8+ Ke7 33.
Rc7+ $18)) 23. Ba7+ Ka8 (23... Kc8 24. Qxe5) 24. Qxe5 Bc5 (24... Be7 $5) (24...
b6 $5) 25. Nd4 (25. Bxc5 Qxc5 26. Nc3 Rhf8 $17) 25... Qd6 $1 (25... Bxd4 26.
Bxd4 $36) 26. Qxd6 Bxd6 27. Nb5 $5 {A picturesque position, isn't it?!} (27.
Rd1 Kxa7 28. Ne6 Nf6 29. Nxd8 Rxd8 $19) 27... axb5 (27... b6 $5 $19) 28. axb5 {
[%csl Ra8] Of course Black is still winning, but White can fight so there is a
chance for mistakes.} Bc7 (28... Nc7 $5) 29. Be2 (29. g3 $5) 29... Rhf8 $4 {
[%mdl 8192] This terrible move reverses the outcome of the game.} (29... Nf6
30. Bf3 Rhe8 $19) 30. Bb6+ Kb8 31. Ba7+ Kc8 (31... Ka8 $11) 32. Bg4+ {Suddenly
White is back in the game!} Rd7 33. Bc5 {[%csl Rf8][%cal Oc5f8,Ga1a8]} Rff7 $2
{Saving himself from one threat, Black is under a new one! This attempt meets
the tactical refutation.} (33... Re8 $8 34. Ra8+ Bb8 35. Rxb8+ (35. Bd6 Nc7 36.
Rxb8+ Kxb8 37. Bxd7 Rd8) (35. Ba7 $4 Re1#) 35... Kxb8 36. Bxd7 $13) 34. Ra8+
Bb8 35. Ba7 $1 Kc7 36. Bxb8+ Kb6 37. Bxd7 Rxd7 38. Be5 Re7 (38... Nb4 $5 {
[%cal Gb4d3]}) 39. f4 {White got decisive advantage and Mamedyarov quickly
transposes it into victory.} Kxb5 40. Rb8 Kc6 (40... Nb4 $5) 41. Rg8 g6 42. Kf2
Nb4 43. Ke2 (43. Ke3 $5) 43... Kd5 44. Kf3 Nc6 45. Bh8 $5 $18 {[%csl Gh8]} (45.
Bc3 b5) 45... b5 46. g4 Re1 (46... b4 $5) 47. Rg7 Nd4+ $6 (47... Re7 $8) 48.
Kf2 Re8 (48... Re2+ 49. Kf1 Rd2 50. Rd7+ Ke4 51. Rxd4+ Rxd4 52. Bxd4 Kxd4 53.
Kf2 Ke4 54. Kg3 b4 55. b3 $1 $18) 49. Rd7+ Ke6 50. Rxh7 Nc6 51. h4 1-0

[Event "EU-chT (Men) 15th"]
[Site "Gothenburg"]
[Date "2005.08.03"]
[Round "5.3"]
[White "Nevednichy, Vladislav"]
[Black "Gormally, Daniel"]
[Result "1-0"]
[WhiteElo "2583"]
[BlackElo "2557"]
[Annotator "Psakhis,L"]
[PlyCount "79"]
[EventDate "2005.07.30"]
[EventType "team-swiss"]
[EventRounds "9"]
[EventCountry "SWE"]
[SourceTitle "CBM 109"]
[Source "ChessBase"]
[SourceDate "2005.11.14"]
[SourceVersion "1"]
[SourceVersionDate "2005.11.14"]
[SourceQuality "1"]
[WhiteTeam "Romania"]
[BlackTeam "England"]
[WhiteTeamCountry "ROU"]
[BlackTeamCountry "ENG"]

1. e4 c5 2. Nf3 d6 3. Bb5+ Nd7 ({Boris usually chooses the more solid} 3... Bd7
{after which Black has big problems with playing for a win. The text move is
sharper.}) 4. d4 Ngf6 5. Nc3 cxd4 6. Qxd4 e5 7. Qd3 h6 {'Black can't allow 8.
Bg5, after White occupies the d5-square with the Knight.} 8. Be3 Be7 {That
position was tested many times on the highest level.} (8... a6 9. Bc4 b5 10.
Bd5) 9. O-O (9. Bc4 a6 10. a4 Qc7 11. O-O O-O (11... Nc5 12. Bxc5 Qxc5 13. Nd5
$14) 12. Nd2 (12. Nh4 Nc5 13. Bxc5 dxc5 (13... Qxc5 14. Ng6 (14. Nf5 $5) 14...
Re8 15. Nxe7+ Rxe7 16. Nd5 Nxd5 17. Bxd5 Be6 18. Bxe6 $14) 14. Nf5 Bxf5 15.
exf5 Rad8 16. Nd5 e4 17. Qb3 Nxd5 18. Bxd5 Qe5 19. c4 Bd6 20. g3 Qxf5 {1-0
Greet,A (2403)-Sebag,M (2417)/Gausdal GMB 2005/ (40)}) (12. Rfd1 Nc5 13. Bxc5
Qxc5 14. Nd5 Nxd5 15. Bxd5 Rb8 16. h3 Kh8 17. c3 f5 18. a5 fxe4 19. Bxe4 Be6
20. Bd5 Bf5 21. Be4 Bxe4 22. Qxe4 Rf4 23. Qd5 Qxd5 24. Rxd5 Rbf8 25. Rd2 Kg8
26. Ne1 d5 27. f3 d4 28. cxd4 Rxd4 29. Rxd4 exd4 30. Kf1 Rf5 31. Nd3 Rb5 32.
Ke2 Bb4 33. Ra4 Bxa5 {1/2-1/2 Roussel Roozmon,T (2425)-Yermolinsky,A (2570)/
Berkley East Bay CC GM 2005/}) 12... Rb8 (12... Nc5 13. Bxc5 Qxc5 14. Nd5 Nxd5
15. Bxd5 $14 Rb8 16. Ra3 Bd7 17. Qe3 Qa5 18. Rfa1 b5 19. Nb3 Qb6 20. axb5 axb5
{1/2-1/2 Wei Chenpeng (2406)-Xu Jun (2582)/Wuxi Torch Real Estate Cup 2005/}) (
12... b6 $142) 13. a5 Nc5 14. Qe2 (14. Bxc5 Qxc5 15. Nd5 Nxd5 16. Bxd5 Bd7 $14)
14... Be6 15. Bxe6 (15. Rfd1 Rbc8) 15... Nxe6 (15... fxe6 16. Qc4 $16) 16. Ra4
(16. Nc4 $142 Nd4 (16... Nxe4 17. Nd5 Qd7 18. Ba7 $1) (16... Qc6 17. Qd3 $16)
17. Bxd4 (17. Qd3 Nxc2) 17... exd4 18. Nd5 Nxd5 19. exd5 Bf6 $14) 16... Qc6 (
16... Qd7) 17. Rc4 Qd7 18. Rd1 {'+/=' Adams,M.} Bd8 (18... Rbc8 19. Rxc8 Rxc8
20. Nc4) 19. Ra4 (19. Nb3 b5 20. axb6 Bxb6 21. Ra4 Bxe3 22. Qxe3 Nc7 $13) 19...
d5 {'!' Adams,M.} (19... Rc8 20. Raa1 Qc6 21. Qd3 $16) 20. exd5 Nxd5 21. Nde4
Nxc3 22. Nxc3 Qe8 23. b3 $14 {1/2-1/2 Adams,M (2755)-Svidler,P (2689)/New
Delhi (m/2) 2000/ChessBase} (23. Qd3) (23. Rd5)) 9... a6 (9... O-O 10. Bc4 Nb6
(10... b5 11. Bb3 (11. Bd5 Rb8 12. Bxa7 Nxd5 13. Nxd5 Rb7 14. Be3 $14) 11...
Nc5 12. Bxc5 dxc5 13. Bd5 Nxd5 14. Nxd5 {/\ Rad1+/=}) 11. Bb3 Be6 12. Rfe1 $1
$146 (12. Nh4 Nxe4 13. Nxe4 d5 14. Nf3 dxe4 15. Qxe4 Bd5 16. Bxd5 Qxd5 17. Qxe5
Qxe5 18. Nxe5 Bf6 19. Bxb6 axb6 20. Nd3 Rfe8 21. a3 Re2 22. Rac1 Rc8 23. c3 {
1-0 Landenbergue,C (2430)-Marin,M (2540)/Belfort 1995/ChessBase (61)}) 12...
Rc8 13. Nd2 $1 Ng4 (13... Qc7 14. h3 {/\ Bb6, Nf1-e3}) 14. Bxb6 $1 Qxb6 15. Re2
Nf6 (15... Bh4 16. g3 Bg5 17. Nf1 {/\ h3-h4}) (15... Bg5 16. Nf1 {/\ Ng3-f5})
16. Nf1 Qd4 $5 17. Qb5 $1 (17. Qxd4 exd4 18. Nb5 Bc4 19. Bxc4 Rxc4 20. Rd1 $1
Rb4 21. c4 Rxc4 $1 22. Nxd4 Rfc8 $14) 17... Rc7 18. Rd2 {1/2-1/2 Yudasin,L 
(2635)-Avrukh,B (2495)/Beer_Sheva 1996/[Yudasin,L] (42)}) 10. Bc4 b5 (10... O-O
11. Rfe1 b5 12. Bd5 Rb8 13. b4 Nxd5 14. Nxd5 Nf6 15. Nxf6+ Bxf6 16. Red1 Bb7
17. Qxd6 Qxd6 18. Rxd6 Rfd8 19. Rad1 Bxe4 20. Rxd8+ Rxd8 21. Rxd8+ Bxd8 22.
Nxe5 Bxc2 {1/2-1/2 Mashinskaya,I (2289)-Popov,V (2523)/Koszalin op-B 1999/
ChessBase (43)}) (10... Nb6 11. Bb3 Be6 12. Rfe1 Rc8 13. Nd2 O-O 14. Rad1 Rc6 (
14... Qc7 15. Bxb6 Qxb6 16. Nf1 Rc7 17. Ne3 Qc5 18. Re2 b5 19. Ncd5 Nxd5 20.
Bxd5 a5 21. c3 g6 22. h3 Kg7 23. a3 Rfc8 {1/2-1/2 Ponomariov,R-Petrosian,T/
Artek Children's Olympiad 1999/ (67)}) 15. Bxb6 Qxb6 16. Nf1 Qc7 17. Ne3 Rc5
18. Re2 Rc8 19. Ncd5 Nxd5 20. Nxd5 Bxd5 21. Bxd5 Rxc2 22. Rxc2 Qxc2 {0-1
Jaklamd,T (2270)-Suba,M (2528)/Dos Hermanas op 2002/ChessBase (41)}) (10... Qc7
11. Nh4 g6 $5 {N} (11... Nc5 12. Bxc5 Qxc5 13. Nf5 Bxf5 14. exf5 $16) 12. g3 (
12. f4 Nc5 $1 $13) 12... b5 13. Bd5 (13. Nd5 Qxc4 14. Qxc4 bxc4 15. Nc7+ Kf8
16. Nxa8 Bd8) 13... Bb7 14. Bxb7 Qxb7 15. Ng2 Rc8 (15... b4 16. Nd5 Nxd5 17.
exd5 {#C5 a3}) 16. a3 Kf8 17. f3 Kg7 {0-1 Stanciu,T-Suba,M/Romania (ch) 40/217
1985/ChessBase/[Suba,M] (64)}) 11. Bd5 (11. Bb3 Bb7 (11... Nc5 12. Bxc5 dxc5
13. Qxd8+ Bxd8 14. Bd5 $1 Nxd5 15. Nxd5 f6 16. c4 $13) 12. Nd5 (12. Nh4 $6 b4
13. Qc4 d5 14. Nxd5 Nxd5 15. exd5 Rc8 (15... Bxh4 16. Qxb4 Rb8 17. Ba7 $13) 16.
Qe4 Bxh4 17. Qxb4 Ba8 $17) (12. a3 Rc8) 12... Bxd5 (12... Nc5 13. Bxc5 dxc5 14.
Nxf6+ Bxf6 15. Bd5 c4 16. Qa3) (12... Nxd5 13. Bxd5 Qc7 14. c4 Nf6 15. Rac1)
13. Bxd5 Nxd5 14. Qxd5 O-O $11 (14... Rc8 15. Qb7) 15. Qd3 (15. c4 Nf6 16. Qd3
bxc4 17. Qxc4 Qc8 $15) 15... Qc7 16. Nd2 Rac8 (16... Rfc8 17. Rfc1 Qb7 18. c4
Rc6 19. Rc3 Rac8 20. Rac1) 17. Rfc1 (17. Rac1 $142) 17... Nc5 (17... Qb7 18. c4
Rc6 19. Rc3) 18. Bxc5 {If White wants to exploit "the good knight vs. the bad
bishop", his "good" knight has to be on d5 or at least on c3 (e3). Better were:
} (18. Qd5 $5) (18. Qe2) (18. Qd5 $5) (18. Qd5 $5) 18... Qxc5 (18... dxc5 19.
Nf3 c4 20. Qe2 $11) 19. c4 Bg5 {0-1 Mohr,G-Gelfand,B /Portoroz Vidmar mem 2001/
CBM 85/ (34)}) 11... Rb8 {As practice has sufficiently shown, Black doesn't
experience any serious problems in this line.} 12. b4 (12. Ba7 Nxd5 13. Nxd5
Rb7 14. Nxe7 (14. Be3 Nf6 15. Nxe7 (15. Nxf6+ Bxf6 16. Rfd1 $146 (16. Nd2)
16... O-O 17. Nd2 Be6 (17... Bg4 $1 18. f3 Be6 19. Nb1 ({a)} 19. c4 bxc4 20.
Nxc4 Bxc4 21. Qxc4 Rxb2 22. Qxa6 Bg5 $1 23. Bc5 (23. Bf2 Bf4 24. Qxd6 Qxd6 25.
Rxd6 Rc8) 23... Bf4 24. Qxd6 Qh4 $3 25. Qxf8+ Kh7) 19... d5 20. exd5 Rd7 21.
Nc3 b4 22. Ne4 Rxd5 23. Nxf6+ (23. Qe2 Be7 24. Bc5 Bxc5+ 25. Nxc5 Qb6 26. Rxd5
Bxd5 27. Qf2 Rc8) 23... Qxf6 24. Qxa6 Rxd1+ 25. Rxd1 Rc8 $44) 18. Nb1 $5 d5 19.
exd5 Rd7 20. Nc3 b4 21. Ne4 Rxd5 22. Qe2 Be7 23. Bc5 $1 {1-0 Kornev,A (2552)
-Amonatov,F (2453)/Voronezh 86/181 2002 (89)} (23. c4 Rxd1+ 24. Rxd1 Bxc4 $1))
15... Rxe7 16. Nd2 (16. a4 bxa4 17. Rxa4 Bb7 18. Nd2 O-O 19. f3 Qc7 20. c4 Nd7
{1/2-1/2 Khamatgaleev,A (2400)-Gormally,D (2506)/Cappelle la Grande op 2002/})
(16. Rfd1 O-O 17. Bc5 Rfe8 $3 18. Bxd6 Rd7 {/\ Te6}) 16... Ng4 17. a4 Nxe3 18.
Qxe3 O-O 19. axb5 axb5 20. Rfd1 Bg4 21. Re1 Qc7 22. Qd3 Be6 23. Nf1 Bc4 24. Qd2
Bxf1 25. Rxf1 Rd7 26. Ra3 Qc6 27. Re1 d5 28. exd5 Rxd5 {Wilczek,T (2420)
-Skeels,J (2295)/corr 2004/Telechess CBM 107/1/2-1/2 (33)}) 14... Qxe7 15. Be3
Nf6 16. Nd2 O-O 17. Nb3 (17. c4 Be6 18. b3 Rc8) 17... Be6 18. Na5 Rc7 19. Bd2
d5 20. exd5 Bxd5 21. Rfe1 Rd8 22. Bc3 Bxg2 {Ye Jiangchuan (2593)-Fedorov,A 
(2659)/Belfort 1999/ChessBase/ 0-1 (34)}) (12. a3 O-O 13. Rfd1 Nb6 14. Bxb6
Qxb6 15. Rd2 g6 16. Nh4 Kg7 17. g3 a5 18. b4 Bd7 19. Bb3 a4 20. Ba2 Rbc8 21.
Nd5 Nxd5 22. Bxd5 Qc7 23. Ng2 Qc3 24. Ra2 Qxd3 25. Rxd3 f5 {0-1 Marusenko,P 
(2330)-Gormally,D (2500)/Hastings Challengers 2002/ChessBase (54)}) 12... Nxd5
13. Nxd5 Bb7 $146 (13... Nf6 14. Nxf6+ Bxf6 15. Rfd1 Be7 16. a4 bxa4 17. Rxa4
Qd7 18. Rda1 f5 19. c4 O-O 20. exf5 {1-0 Davies,N (2480)-Sikorsky,R (2225)/
corr 2003/Telechess CBM 97}) 14. Nd2 O-O 15. Rab1 (15. a4 $5) (15. Nxe7+ Qxe7
16. a4 $5 $14 {could be an interesting alternative to the text}) 15... Bxd5 (
15... Nf6 $5) 16. exd5 f5 (16... Bg5 $5) 17. f3 (17. f4 e4 18. Qb3 Qe8 $5 {
[%csl Rd5][%cal Ge8f7]}) 17... Bg5 18. Bxg5 (18. Bf2 $6 Nb6 $36) 18... Qxg5 {
It is not so easy to estimate this position correctly, but it looks so that
Black can keep equal chances.} 19. c4 e4 $6 {White has to choose between
several possibilities and the one he picks is not the best one.} ({After} 19...
Nf6 $5) ({or} 19... Qg6 $5 $13 {Gormally could get equal chances.}) 20. fxe4
Ne5 $6 ({Much better is the continuation} 20... fxe4 21. Nxe4 bxc4 $5 22. Qxc4
(22. Rxf8+ Rxf8 23. Nxg5 cxd3 24. Ne6 Rc8 $132) 22... Qe3+ 23. Nf2 (23. Kh1 Ne5
) 23... Ne5 24. Qb3 Qd4 $44 {and White has to be very careful as Gormally has
a lot of tricks available.}) 21. Qe2 bxc4 22. exf5 Rxf5 23. Nxc4 Rxf1+ 24. Rxf1
Rxb4 $6 {Here Black begins to complicate the position at his own risk.} ({
I think that after} 24... Nxc4 $142 25. Qxc4 Qd2 $14 {black has very good
chances to draw. But in any case final mistake was made later!}) 25. Nxd6 Rd4
26. Qxa6 (26. h4 $5 Rd2 $8 27. hxg5 Rxe2 28. gxh6 $16) 26... Rd2 27. Qc8+ Kh7
28. Qh3 (28. Qf5+ Qxf5 29. Nxf5 Rxd5) 28... Rxd5 29. Ne4 Qg6 30. Qe3 Nc4 ({
Perhaps Black should have considered} 30... Ng4 $5 {[%csl Gg4]} 31. Qf4 Ra5 $14
) 31. Qf4 Qb6+ 32. Nf2 (32. Kh1 Ne3 {[%csl Ge3]}) 32... Qc5 (32... Rd4 $5) (
32... Qd4 33. Qxd4 Rxd4 34. Rd1 $16) 33. Qe4+ Kh8 34. Qe8+ Kh7 35. Qe4+ Kh8 36.
Rc1 Rd2 37. Qe8+ Kh7 38. Qe4+ Kh8 39. Qf4 Rxa2 $4 {[%mdl 8192] A tactical
oversight!} (39... Qe3 40. Qxe3 Nxe3 41. Ra1 (41. Rc8+ Kh7 42. Ra8 Re2 43. h4
Re1+ 44. Kh2 Re2 45. Kg3 Nf5+ 46. Kf3 Nd4+ $11) 41... Re2 (41... Nc2 42. Rd1 $1
) 42. a4 Nc2 43. Rb1 Ne3 $14) 40. Qb8+ (40. Qb8+ Kh7 41. Qb1+) 1-0